Personnages de Stranger Things - Statistiques

Statistiques générales
  • Ce quiz a été pris 528 fois
  • Le résultat moyen est 23 sur 30
Statistiques - réponses
Indice Personnage % Correct
Enfant Will
100%
Enfant 11
99%
Enfant Mike
99%
Enfant Dustin
98%
Enfant Max
98%
Grande soeur Nancy
98%
Enfant Lucas
97%
Shérif Hopper
96%
Méchant Vecna
96%
Photographe Jonathan
95%
Mère Joyce
95%
Baby-sitter Steve
94%
Maître nageur Billy
89%
Radio Robin
86%
Petite fille Holly
85%
Monstre Demogorgon
82%
Guitariste Eddie
82%
L'emmerdeur Dereck
74%
Mère Karen
72%
Pouvoirs 008
70%
Docteur Brenner
70%
Monstre Flagelleur Mental
65%
Morte Barbara
63%
Beau-père Bob
63%
Détective Murray
56%
Russe Alexei
51%
Docteur Owens
48%
Russe Enzo
42%
Petite fille Erika
29%
Russe Youri
29%
Aucun quiz correspondant
Distribution des résultats
% des personnes avec chaque résultat
Percentile par nombre de réponses
Votre historique - résultats
Vous n’avez pas pris ce quiz